Modern Day Axis Countries of World War II - Statistics

General Stats
  • This quiz has been taken 34 times
  • The average score is 16 of 26
Answers on the Map
Answers color-coded by a green-red scale on the quiz's map according to % correct below.
 
Answer Stats
Answer % Correct
Germany
95%
Italy
95%
Japan
95%
Austria
86%
Bulgaria
86%
Hungary
86%
Romania
86%
Slovakia
86%
Czech Republic
81%
Albania
71%
Finland
71%
North Korea
71%
South Korea
71%
Thailand
67%
Ethiopia
52%
Libya
52%
Somalia
48%
Eritrea
43%
Iraq
43%
F.S. Micronesia
38%
Marshall Islands
33%
Palau
33%
Liechtenstein
29%
Nauru
29%
Kiribati
24%
Samoa
19%
No matching quizzes found
Score Distribution
Percent of People with Each Score
Percentile by Number Answered
Your Score History
You have not taken this quiz